Developing green areas in Scotland's cities (Record no. 73243)

MARC details
000 -LEADER
fixed length control field 01071cam a2200217 4500
001 - CONTROL NUMBER
control field WB3931-28
008 - FIXED-LENGTH DATA ELEMENTS--GENERAL INFORMATION
fixed length control field 030820n2003 000 0 eng u
035 ## - SYSTEM CONTROL NUMBER
System control number (Sirsi) u123305
245 ## - TITLE STATEMENT
Title Developing green areas in Scotland's cities
260 ## - PUBLICATION, DISTRIBUTION, ETC.
Date of publication, distribution, etc. 2003
490 ## - SERIES STATEMENT
Series statement Scottish Executive News Release
Volume/sequential designation (SEEN579/2003) 5 August 2003 (3)
520 ## - SUMMARY, ETC.
Summary, etc. Green spaces in urban areas in Scotland are to be protected and enhanced through a £400 000 Scottish Executive funding initiative. Over 30 projects will benefit from this funding, which will be distributed by Greenspace Scotland. Working with a wide range of partners, local greenspace trusts will 'grow' these resources into a £2.5m package of improvements. Further information about Geenspace Scotland is available at http://www.greenspacescotland.org.uk. http://www.scotland.gov.uk/pages/news/2003/08/SEEN579.aspx
590 ## - LOCAL NOTE (RLIN)
Local note WB
650 ## - SUBJECT ADDED ENTRY--TOPICAL TERM
Topical term or geographic name entry element URBAN GREENSPACE
650 ## - SUBJECT ADDED ENTRY--TOPICAL TERM
Topical term or geographic name entry element DERELICT LAND
650 ## - SUBJECT ADDED ENTRY--TOPICAL TERM
Topical term or geographic name entry element BIODIVERSITY
650 ## - SUBJECT ADDED ENTRY--TOPICAL TERM
Topical term or geographic name entry element WASTE LAND
650 ## - SUBJECT ADDED ENTRY--TOPICAL TERM
Topical term or geographic name entry element SCOTLAND
690 ## - LOCAL SUBJECT ADDED ENTRY--TOPICAL TERM (OCLC, RLIN)
Topical term or geographic name as entry element REGENERATION
942 ## - ADDED ENTRY ELEMENTS (KOHA)
Suppress in OPAC 0
Holdings
Withdrawn status Lost status Source of classification or shelving scheme Damaged status Not for loan Home library Current library Shelving location Date acquired Total Checkouts Full call number Barcode Date last seen Copy number Price effective from Koha item type
    Dewey Decimal Classification     London London Journal article 20/08/2003   WB3931-28 123305-1001 06/08/2019 1 06/08/2019 Journal article